UFC Win Streak Leaders - Statistics

General Stats
  • This quiz has been taken 359 times
    157 since last reset
  • The average score is 10 of 12
Answer Stats
Primary Division Answer Streak % Correct
Middleweight Anderson Silva 16
95%
Light Heavyweight Jon Jones 13
94%
Flyweight Demetrious Johnson 13
92%
Lightweight Islam Makhachev 16
92%
Welterweight Georges St-Pierre 13
90%
Featherweight Alexander Volkanovski 12
87%
Welterweight Kamaru Usman 15
85%
Women's Bantamweight Amanda Nunes 12
84%
Bantamweight Merab Dvalishvili 14
84%
Lightweight Khabib Nurmagomedov 13
81%
Featherweight Max Holloway 13
79%
Lightweight Tony Ferguson 12
54%
No matching quizzes found
Score Distribution
Percent of People with Each Score
Percentile by Number Answered
Your Score History
You have not taken this quiz since the last reset